| 000 | 00353cam a22001217a 4500 | ||
|---|---|---|---|
| 008 | 180718b1986 xxu||||| |||| 00| 0 eng d | ||
| 082 | _aB124x54 M295d | ||
| 245 |
_aDeterminants of social status in India _cedited by S.C. Malik |
||
| 260 |
_aDelhi _bMotilal Banarsidass _c1986 |
||
| 300 | _a192p. | ||
| 650 | _aSocial status - India | ||
| 700 | _aMalik, S.C. | ||
| 999 |
_c348687 _d348687 |
||